Statistics for General Middle East

Click here to take the quiz!

General Stats

  • This quiz has been taken 13 times
  • The average score is 15 of 16

Answer Stats

Countries% Correct
Bahrain
100%
Iran
100%
Iraq
100%
Israel
100%
Kuwait
100%
Lebanon
100%
Oman
100%
Qatar
100%
Syria
100%
Turkey
100%
Yemen
100%
Egypt
91%
Jordan
91%
Saudi Arabia
91%
UAE
91%
Cyprus
82%

Score Distribution

Percentile by Number Answered

Percent of People with Each Score

Your Score History

You have not taken this quiz